[Event "Bydgoszcz op-A"]
[Site "Bydgoszcz"]
[Date "2022.06.30"]
[Round "6"]
[White "Czarnota, Pawel"]
[Black "Sieciechowicz, Marcin"]
[Result "1-0"]
[WhiteElo "2502"]
[BlackElo "2383"]
[PlyCount "117"]
[EventDate "2022.06.25"]
[EventType "swiss"]
[EventRounds "10"]
[EventCountry "POL"]
[SourceTitle "CBM 209 Extra"]
[Source "ChessBase"]
[SourceDate "2022.09.30"]
[SourceVersion "1"]
[SourceVersionDate "2022.09.30"]
[SourceQuality "1"]

1. e4 e6 2. d4 d5 3. e5 c5 4. c3 Qb6 5. Nf3 Nc6 6. Bd3 cxd4 7. 0-0 Bd7 8. Nbd2 Nge7 9. Nb3 dxc3 10. bxc3 Ng6 11. Re1 Be7 12. Qe2 0-0 13. Rb1 Qc7 14. Nbd4 Nxd4 15. cxd4 f5 16. exf6 Bxf6 17. Bxg6 hxg6 18. Bd2 Qc4 19. Rxb7 Qxe2 20. Rxe2 Bc6 21. Rb2 Rab8 22. Bf4 Rxb2 23. Rxb2 Ba4 24. Rb7 Bd1 25. Ne5 Bxe5 26. Bxe5 Rf7 27. Rb8+ Rf8 28. Rb5 Rf7 29. f3 Be2 30. Rb8+ Rf8 31. Rb2 Bd3 32. h4 Ba6 33. a3 Rd8 34. Rb8 Rc8 35. Rb4 Rc1+ 36. Kh2 Rc2 37. Rb8+ Rc8 38. Kg3 Kf8 39. Rb4 Rc2 40. Ra4 Bf1 41. Rxa7 Rxg2+ 42. Kf4 Rh2 43. Bxg7+ Ke8 44. Bf6 Be2 45. a4 Rh3 46. Ke5 Rxf3 47. Kxe6 Re3+ 48. Kxd5 Bf3+ 49. Kd6 Rc3 50. a5 Rc6+ 51. Ke5 Bg2 52. Bg5 Rc3 53. Kf6 Rc6+ 54. Kg7 Re6 55. a6 Bc6 56. Rc7 Bd7 57. a7 Ra6 58. d5 Be6 59. Re7+ 1-0